| 000 | 00710nam a2200241 a 4500 | ||
|---|---|---|---|
| 005 | 20140310183449.0 | ||
| 008 | 081223s19uu xx 00 eng d | ||
| 020 | _a9780073530635 | ||
| 050 |
_aHG 179 _b.K368 2008 |
||
| 100 | _aKapoor, Jack R. | ||
| 245 |
_aFocus on personal finance : _ban active approach to help you develop successful financial skills / _cJack R. Kapoor |
||
| 250 | _a2nd ed. | ||
| 260 |
_aBoston : _bMcGraw-Hill Irwin, _c2008. |
||
| 300 |
_a504 p. : _bcol. ill. ; _c28 cm. |
||
| 521 | _aBSBA | ||
| 650 | _aBSBA. | ||
| 650 | _aFinance, Personal. | ||
| 650 | _aInvestments. | ||
| 700 | _aDlabay, Les R. | ||
| 700 | _aHughes, Robert J. | ||
| 942 |
_cBK _2lcc _kFOR |
||
| 999 |
_c23334 _d23334 |
||